000 00467nam a2200181Ia 4500
005 20250612152426.0
008 191130s2007##################000#0#eng##
020 _a9781847560063
_qpbk
041 _aeng
082 _a823.92 FLE
100 _aFleming Leah
245 _aThe girl from world's end
_cLeah Fleming
250 _a1st ed
260 _aLondon
_b[publisher not identified]
_c2007
300 _a440p
_c22cm
650 _aenglish fiction
942 _cENGLISH
999 _c50601
_d50601